000 00712nam a2200289Ia 4500
005 20260324120927.0
008 008 260324s9999 xx 000 0 eng d
020 _a9781315750200
037 _aEBOOK
040 _aCRL
040 _beng
040 _cCRL
041 _2eng
041 _aeng
084 _qCRL
100 _aGrĂ¡inne Smith
_91160516
245 0 _aSurviving Family Care Giving
245 0 _bCo-ordinating effective care through collaborative communication
260 _bTaylor and Francis
260 _c2014
365 _a
365 _b150
856 _uhttp://www.taylorfrancis.com/books/9781315750200
942 _cEBOOK
999 _c1752306
_d1752306